00452nam a22001577a 450000500170000001000170001702000250003403500170005903700240007608200110010010000220011124500640013326000260019727000500022330000210027320120828145612.0 aB-461808-812 a9788129100153c95.00 aB-461808-812 adplbAllied Pub/Ven a780.92 aDutta, Arup kumar aBhupan hazarika:cby Arup kumar duttabthe roving minstrel/ aNew DelhibRupac2008 a7/16 Ansari Road DaryaganjbNew Delhie110002 a79 p.c18cm (Hb)